00309nam a2200121Ia 4500003000400000008004100004040001600045082001700061245003200078260006100110300001100171490000500182GCL140319s9999 xx 000 0 ara d aGCL / cGCL04a953.2bع ى10aاليمن الجمهورى a[S.N] : bمكتبة الكاتب العربى ، c1983 a621 ص a